Neighborhoods and communities : (Record no. 9129)
[ view plain ]
| 000 -LEADER | |
|---|---|
| fixed length control field | 01271nam a22002777a 4500 |
| 001 - CONTROL NUMBER | |
| control field | 9129 |
| 003 - CONTROL NUMBER IDENTIFIER | |
| control field | FISKH |
| 005 - DATE AND TIME OF LATEST TRANSACTION | |
| control field | 20251124134937.0 |
| 008 - FIXED-LENGTH DATA ELEMENTS--GENERAL INFORMATION | |
| fixed length control field | 251124b cb ||||| |||| 00| 0 eng d |
| 020 ## - INTERNATIONAL STANDARD BOOK NUMBER | |
| International Standard Book Number | 0669113867 |
| 040 ## - CATALOGING SOURCE | |
| Original cataloging agency | FISKH |
| Language of cataloging | eng |
| Transcribing agency | FISKH |
| Modifying agency | FISKH |
| 050 ## - LIBRARY OF CONGRESS CALL NUMBER | |
| Classification number | H352 H |
| 082 ## - DEWEY DECIMAL CLASSIFICATION NUMBER | |
| Classification number | 372.83 |
| 100 ## - MAIN ENTRY--PERSONAL NAME | |
| Personal name | Reque, Barbara Radner |
| Relator term | Author |
| 245 ## - TITLE STATEMENT | |
| Title | Neighborhoods and communities : |
| Remainder of title | Heath Social Studies / |
| Statement of responsibility, etc. | Barbara Radner Reque |
| 250 ## - EDITION STATEMENT | |
| Edition statement | This edition is published in 1987. |
| 260 ## - PUBLICATION, DISTRIBUTION, ETC. | |
| Place of publication, distribution, etc. | Massachusetts : |
| Name of publisher, distributor, etc. | D.C. Health and Company , |
| Date of publication, distribution, etc. | 1985 |
| 300 ## - PHYSICAL DESCRIPTION | |
| Extent | 165 pages : |
| Other physical details | color illustrations ; |
| Dimensions | 24 cm |
| 505 ## - FORMATTED CONTENTS NOTE | |
| Formatted contents note | P<br/> |
| 520 ## - SUMMARY, ETC. | |
| Summary, etc. | This book teaches you all about the place where you live—your neighborhood! You learn who lives in a neighborhood, what kinds of helpers and services keep it running, and how people work together to make it a safe and happy place. It also shows different kinds of communities, like farms, towns, and cities, and explains how each one is special. You’ll discover why rules are important, why people depend on one another, and what makes a community grow and change over time. |
| 521 8# - TARGET AUDIENCE NOTE | |
| Target audience note | 600<br/> |
| Source | Lexile estimate<br/> |
| 521 8# - TARGET AUDIENCE NOTE | |
| Target audience note | R<br/> |
| Source | Raz-Plus<br/> |
| 650 ## - SUBJECT ADDED ENTRY--TOPICAL TERM | |
| Topical term or geographic name entry element | Geography |
| Form subdivision | Community |
| 942 ## - ADDED ENTRY ELEMENTS (KOHA) | |
| Source of classification or shelving scheme | Dewey Decimal Classification |
| Koha item type | Books |
| Suppress in OPAC | No |
| Withdrawn status | Lost status | Source of classification or shelving scheme | Damaged status | Not for loan | Collection | Home library | Current library | Shelving location | Date acquired | Total Checkouts | Full call number | Barcode | Date last seen | Copy number | Price effective from | Koha item type |
|---|---|---|---|---|---|---|---|---|---|---|---|---|---|---|---|---|
| Dewey Decimal Classification | Fiction | Footprints International School Library Network Toul Tom Poung Campus | Footprints International School Library Network Toul Tom Poung Campus | TTP Primary Yellow Bookshelves | 11/24/2025 | REQ 372.83 H352 H | FIS01374 | 11/24/2025 | 1 | 11/24/2025 | Books |
